000
00334nam a2200157Ia 4500
003
0STCL
008
150530s9999 xx 000 0 und d
040
_a
STCL
_c
STCL
100
_a
Pokorny, J.
245
_a
Flowering shrubs
260
_c
1975
546
_a
English
942
_2
ddc
_c
BK
999
_c
36683
_d
36683
005
20220125170407.0